Statistics for Holiday by Colors

Click here to take the quiz!

General Stats

  • This quiz has been taken 26 times
  • The average score is 7 of 12

Answer Stats

HintAnswer% Correct
🟥🟩Christmas
100%
🟥💗Valentine’s day
96%
🟧🟩🟪Halloween
83%
🟧🟨🟫Thanksgiving
78%
🟨⬜️💗Easter
70%
🟩🟧⬜️St. Patrick’s Day
70%
🟥⬜️🟦IndependenceDay
65%
🟦⬜️Hanukkah
35%
⬛️🟨⬜️New Year’s Eve
22%
⬛️🟥🟩Kwanzaa
17%
🟦🟩Earth Day
13%
🟥🟨🟧Chinese New Year
9%

Score Distribution

Percentile by Number Answered

Percent of People with Each Score

Your Score History

You have not taken this quiz